Dictionnaire technique du cinéma (notice n° 1566254)

détails MARC
000 -LEADER
fixed length control field 01594cam a2200145 4500500
005 - DATE AND TIME OF LATEST TRANSACTION
control field 20251214001516.0
041 ## - LANGUAGE CODE
Language code of text/sound track or separate title fre
042 ## - AUTHENTICATION CODE
Authentication code dc
100 10 - MAIN ENTRY--PERSONAL NAME
Personal name Pinel, Vincent
Relator term author
245 00 - TITLE STATEMENT
Title Dictionnaire technique du cinéma
260 ## - PUBLICATION, DISTRIBUTION, ETC.
Name of publisher, distributor, etc. Armand Colin,<br/>
Date of publication, distribution, etc. 2016.<br/>
520 ## - SUMMARY, ETC.
Summary, etc. Le développement de l’art et de l’industrie cinématographiques s’est accompagné de la création d’un vocabulaire particulier qui déroute parfois jusqu’au spécialiste averti. D’Aäton à Zoptic system, ce dictionnaire définit près de 2 000 termes techniques utilisés dans différents domaines du cinéma. Chaque mot est replacé dans son contexte, illustré d’exemples et mis en relation avec d’autres. Cette 3e édition s’enrichit de nouvelles définitions sur les techniques numériques récentes. En fin d’ouvrage, un lexique anglais-français facilite en outre la consultation. Un outil indispensable pour l’étudiant en cinéma et audiovisuel, le professionnel ou le cinéphile soucieux de mieux connaître son domaine de prédilection. « Un ouvrage monumental où la précision le dispute à l’érudition. Il fallait à la fois beaucoup d’humilité et beaucoup d’acharnement pour s’attaquer à un projet aussi considérable concernant un art et une industrie en perpétuelle mutation depuis cent ans. » René Fauvel, Ancien président de la Commission supérieure technique de l’image et du son.
700 10 - ADDED ENTRY--PERSONAL NAME
Personal name Pinel, Christophe
Relator term author
856 41 - ELECTRONIC LOCATION AND ACCESS
Uniform Resource Identifier <a href="https://shs.cairn.info/dictionnaire-technique-du-cinema--9782200601683?lang=fr&redirect-ssocas=7080">https://shs.cairn.info/dictionnaire-technique-du-cinema--9782200601683?lang=fr&redirect-ssocas=7080</a>

Pas d'exemplaire disponible.

PLUDOC

PLUDOC est la plateforme unique et centralisée de gestion des bibliothèques physiques et numériques de Guinée administré par le CEDUST. Elle est la plus grande base de données de ressources documentaires pour les Étudiants, Enseignants chercheurs et Chercheurs de Guinée.

Adresse

627 919 101/664 919 101

25 boulevard du commerce
Kaloum, Conakry, Guinée

Réseaux sociaux

Powered by Netsen Group @ 2025